00745 2200253 4500001002100000005001500021035002000036007000300056008004100059020002200100082001000122084001600132100002000148245009800168250001400266260003100280300003600311700002800347600001600375990002500391990002500416990002500441990002500466INLIS00000000000242520260602015736 a0010-0220000276ta260602 0  a978-602-310-003-3 a297.5 a297.5 JAL f0 aJalaluddin Rumi1 aFihi-Ma-Fihi :bMengarungi Samudera Kebijaksanaan /cJalaluddin Rumi, Penyunting: Abd. Kholiq aCetakan 1 aYogyakarta :bForum,c2018 aviii,529 hlm. :bilus. ;c20 cm0 aPenyunting: Abd. Kholiq 4aAgama Islam a31.021/APBD/DPK/2019 a31.022/APBD/DPK/2019 a31.023/APBD/DPK/2019 a31.024/APBD/DPK/2019